[Event "Poznan op 26th"]
[Site "Poznan"]
[Date "2018.08.24"]
[Round "7"]
[White "Aleshko, Igor L"]
[Black "Kierska, Pola"]
[Result "1-0"]
[WhiteElo "1222"]
[BlackElo "1070"]
[PlyCount "87"]
[EventDate "2018.08.19"]
[EventType "swiss"]
[EventRounds "9"]
[EventCountry "POR"]
[SourceTitle "CBM 186 Extra"]
[Source "ChessBase"]
[SourceDate "2018.08.24"]
[SourceVersion "1"]
[SourceVersionDate "2018.08.24"]
[SourceQuality "1"]

1. e4 e5 2. Nf3 Nc6 3. Bb5 a6 4. Ba4 b5 5. Bb3 Nf6 6. 0-0 Bc5 7. c3 d6 8. Re1 0-0 9. d4 exd4 10. cxd4 Bb6 11. h3 h6 12. Nc3 Re8 13. a3 d5 14. e5 Nh7 15. Bxd5 Bb7 16. Be3 Ba5 17. Rc1 Bxc3 18. Bxc6 Bxe1 19. Bxe8 Qxe8 20. Qxe1 Bxf3 21. gxf3 Qe7 22. Kh2 Rc8 23. Rc6 Ng5 24. Bxg5 Qxg5 25. Qe3 Qxe3 26. fxe3 a5 27. Rc5 c6 28. d5 Rd8 29. d6 a4 30. Rxc6 Kf8 31. Kg3 Ke8 32. Rb6 Rc8 33. Rxb5 Rc6 34. Rb8+ Kd7 35. Rb7+ Ke6 36. Re7+ Kd5 37. d7 Kc4 38. d8Q Rg6+ 39. Kf2 Kb3 40. Qd1+ Kxb2 41. Rb7+ Kc3 42. Qd4+ Kc2 43. Rb2+ Kc1 44. Qd2# 1-0

[Event "Poznan op 26th"]
[Site "Poznan"]
[Date "2018.08.22"]
[Round "5"]
[White "Aleshko, Igor L"]
[Black "Zatylny, Jan"]
[Result "1/2-1/2"]
[WhiteElo "1222"]
[BlackElo "1548"]
[PlyCount "46"]
[EventDate "2018.08.19"]
[EventType "swiss"]
[EventRounds "9"]
[EventCountry "POR"]
[SourceTitle "CBM 186 Extra"]
[Source "ChessBase"]
[SourceDate "2018.08.24"]
[SourceVersion "1"]
[SourceVersionDate "2018.08.24"]
[SourceQuality "1"]

1. d4 d5 2. c4 e6 3. g3 c6 4. Qc2 Nf6 5. Bg2 Be7 6. Nf3 Nbd7 7. 0-0 h6 8. Nbd2 0-0 9. Rd1 Nh7 10. e4 Ndf6 11. e5 Ne8 12. a3 f5 13. b4 a6 14. Bb2 Bd7 15. Rac1 Rc8 16. Nb3 b6 17. Qe2 Nc7 18. c5 b5 19. Na5 Rb8 20. Rc3 Ng5 21. Nxg5 Bxg5 22. Bc1 Kh7 23. f4 Be7 1/2-1/2

[Event "Poznan op 26th"]
[Site "Poznan"]
[Date "2018.08.21"]
[Round "4"]
[White "Simon, Marek"]
[Black "Aleshko, Igor L"]
[Result "1-0"]
[WhiteElo "1902"]
[BlackElo "1222"]
[PlyCount "34"]
[EventDate "2018.08.19"]
[EventType "swiss"]
[EventRounds "9"]
[EventCountry "POR"]
[SourceTitle "CBM 186 Extra"]
[Source "ChessBase"]
[SourceDate "2018.08.24"]
[SourceVersion "1"]
[SourceVersionDate "2018.08.24"]
[SourceQuality "1"]

1. d4 d5 2. c4 dxc4 3. e4 c5 4. Nf3 Nf6 5. Nc3 b5 6. e5 b4 7. Na4 Nd5 8. Bxc4 Nb6 9. Bb5+ Bd7 10. Bxd7+ N6xd7 11. Ng5 Nb6 12. Nxb6 Qxb6 13. Qf3 Qc6 14. d5 Qb7 15. Qxf7+ Kd7 16. Qe6+ Ke8 17. Nf7 Qb6 1-0